| 000 | 01476nam a2200265Ia 4500 | ||
|---|---|---|---|
| 003 | PE SENCICO BE | ||
| 005 | 20251020182435.0 | ||
| 008 | 200515s9999 xx 000 0 und d | ||
| 020 | _a84-267-0693-2 | ||
| 040 |
_aPE SENCICO BE _cPE SENCICO BE |
||
| 041 | _aspa | ||
| 082 |
_a378.013 _bC29 |
||
| 100 | 1 |
_aCastanyer Figueras, Francesc _93041 _eautor |
|
| 245 | 1 | 0 |
_aLa formación permanente en la empresa / _cFrancesc Castanyer Figueras |
| 260 |
_aBarcelona : _bMarcombo ; _c1988 |
||
| 300 |
_a160 páginas : _btablas, gráficos ; _c24 cm. |
||
| 490 |
_aColección Prodúctica _v12 |
||
| 505 | 0 | _aLa función formación en la empresa -- Planificación de la formación -- Formulación de objetivos -- Concepción y desarrollo de los instrumentos de formación -- Formación de ejecutantes -- Formación de mandos intermedios -- Formación de directivos -- Métodos de formación según los objetivos -- Soportes materiales para las acciones de formación. | |
| 520 | 3 | _aProporciona a los responsables de la formación dentro de la empresa, una guía para el enfoque de sus actividades en este campo, así como elementos de juicio para la selección de los métodos a utilizar, dentro de la amplia gama de posibilidades que hoy se ofrecen al profesional. | |
| 650 | 1 | 0 |
_aFormación profesional _91311 |
| 650 | 2 | 0 |
_aPlanificación empresarial _9419 |
| 650 | 2 | 0 |
_aEstrategias de aprendizaje _92409 |
| 650 | 2 | 0 |
_aAdministración por objetivos _93027 |
| 942 |
_cLIB _2ddc |
||
| 999 |
_c367 _d367 |
||